Statistics for Breaking Bad A-Z #2

Click here to take the quiz!

General Stats

  • This quiz has been taken 48 times
  • The average score is 12 of 26

Answer Stats

HintAnswer% Correct
CLos Pollos Hermanos, translated to englishThe Chicken Brothers
94%
RPoison, mentioned numerous times in the seriesRicin
85%
AWhere would Mike go to start a new life?Alaska
82%
B"Schwartz" is the __ in Gray MatterBlack
74%
EHank is temporarily positioned hereEl Paso
71%
MThis is stolen in the train heistMethylamine
68%
LOne of the Salamanca twinsLeonel
56%
WName of a hooker in AlbuquerqueWendy
56%
HWalts second nameHartwell
53%
JOne of Don Eladios most trusted menJuan Bolsa
53%
OJane and Jesse plan to visit a museum show-
casing the work of Georgia __
O´Keeffe
53%
SHis head gets squashed by an ATMSpooge
47%
FWalts excuse for disappearing in Season 2Fugue State
44%
GJewelry of Tuco, that Hank keeps as a souvenirGrill
44%
QThe real Heisenberg was a pioneer in __ __Quantum Mechanics
41%
I"It wasn´t me, it was __" -SaulIgnacio
38%
NOne of Tucos henchmen, beaten to deathNo-Doze
38%
XThe only chemical element, beginning with X, seen in the introXenon
38%
DMeth cook, who wants to buy methylamine
from Walt
Declan
32%
VFumigation company, based in AlbuquerqueVamonos Pest
32%
ZSkinny Pete and Badger are discussing __
in videogames
Zombies
32%
Y
"__ 148-3 to the 3 to the 6 to the 9, representing the ABQ,
what up, biatch?! This is a free greeting."
Yo yo yo!
26%
KName of one neonaziKenny
24%
TEvery jibbhead from here to __ is going to want a taste
-Jesse
Timbuktu
24%
PHow does Jesse refer to Gale in an addict meetingProblem Dog
21%
UKrazy-8 claims to be a graduate of __ in
Business Administration
UNM
(University of New Mexico)
21%

Score Distribution

Percentile by Number Answered

Percent of People with Each Score

Your Score History

You have not taken this quiz